Ráta sa to, čo sa naučíte

Bibliographic Details
Main Author: Čechová, Marcela (Author)
Format: Article
Language:Slovak
PhysicalDescription:Fotogr.
Subjects:

MARC

LEADER 00000nab a2200000 a 4500
001 vtls000694954
003 SK-MaSNL
005 20260302180554.0
008 180206c1999 xo 0 slo
015 |a SNBRB1999/07-16149 
035 |a CLN000047121 
040 |a SNKBUCL  |b slo  |c SNKBUCL  |e AACR2 
041 0 |a slo 
044 |a xo  |c SK 
080 |a 374.7(437.6):352.9  |2 UDC-MRF-SK2 
080 |a 352(437.6):374.7  |2 UDC-MRF-SK2 
100 1 |a Čechová, Marcela  |4 aut  |9 889844 
245 1 0 |a Ráta sa to, čo sa naučíte  |c Marcela Čechová 
300 |b Fotogr. 
650 0 7 |a samospráva miestna  |x pracovníci  |x vzdelávanie  |x semináre  |x 1999  |2 snkbucl  |9 889845 
655 7 |a články z novín a časopisov  |2 snkbucl  |9 267496 
773 0 |t Verejná správa  |g Č. 15 (1999), s. 21-22 
850 |a Slovenská národná knižnica v Martine 
852 |a SNK  |b KIS3GCP 
958 |a RBX 
999 |c 1411021  |d 1412951